000 00520nmm a2200157Ia 4500
008 251105s9999||||xx |||||||||||||||||und||
041 _aspa
100 _aLópez Villaverde, Ángel Luis
245 0 _aLa segunda república: Las claves de la primera democracia española del siglo XX
264 _a[Madrid, España] :
_bSílex Ediciones,
_c2019
300 _a472 páginas
490 _aSerie Historia
650 _aHistory of Europe: Spain
856 _uhttps://public.digitaliapublishing.com/a/63016
942 _cCF
999 _c100626
_d100626